000 00462nam a2200169 a 4500
001 4388
003 CO-ViMGA
008 141112s2004 ck r 000 u spa d
040 _aCO-ViMGA
_bspa
_cCO-ViMGA
082 0 4 _aR636.0891 B124
100 1 _aBacha, William S
_955080
245 1 0 _aAtlas de color de histologĂ­a veterinaria
260 _aBuenos Aires :
_bIntermedica,
_c1991
300 _a269 p
650 1 4 _aVETERINARIA - HISTOLOGIA
_955081
942 _2ddc
_cBK
999 _c16399
_d16399